000
00305pam a2200133 a 4500
020
_c
041
_h
082
_b
SIZ
100
_a
Sizer, J.
245
_a
An Insight Into Management Accounting
_h
Textual Documents
260
_a
London
_b
Pitman Business Education
300
_a
525/CB
930
_a
11071
999
_c
117894
_d
117894